Govt. of
Madhya Pradesh

India as Known to Panini (Record no. 35674)

MARC details
000 -LEADER
fixed length control field 004670000a22001810004500
003 - CONTROL NUMBER IDENTIFIER
control field MACL
005 - DATE AND TIME OF LATEST TRANSACTION
control field 20160803143618.0
008 - FIXED-LENGTH DATA ELEMENTS--GENERAL INFORMATION
fixed length control field 160803b xxu||||| |||| 00| 0 eng d
040 ## - CATALOGING SOURCE
Original cataloging agency MACL
Transcribing agency MACL
041 ## - LANGUAGE CODE
Language code of text/sound track or separate title English
082 ## - DEWEY DECIMAL CLASSIFICATION NUMBER
Classification number 954 AGR
100 ## - MAIN ENTRY--PERSONAL NAME
Personal name Agarwala, V S
9 (RLIN) 66069
245 ## - TITLE STATEMENT
Title India as Known to Panini
Statement of responsibility, etc. Agrawala, V. S
260 ## - PUBLICATION, DISTRIBUTION, ETC. (IMPRINT)
Name of publisher, distributor, etc. University of Lucknow
Date of publication, distribution, etc. 1953
Place of publication, distribution, etc. Allahabad
350 ## - PRICE (NR) (BK AM CF MU VM SE) [OBSOLETE]
Price 50
650 ## - SUBJECT ADDED ENTRY--TOPICAL TERM
Topical term or geographic name as entry element Indian History
9 (RLIN) 227
942 ## - ADDED ENTRY ELEMENTS (KOHA)
Koha item type Books
Call number prefix 954/AGR
Source of classification or shelving scheme
Holdings
Withdrawn status Lost status Source of classification or shelving scheme Damaged status Not for loan Home library Current library Date acquired Cost, normal purchase price Total Checkouts Full call number Barcode Date last seen Uniform Resource Identifier Price effective from Koha item type
          MACL MACL 15/04/2015 50.00   954/AGR CLE006675 29/04/2015 35882 15/04/2015 Books